LEADER 00777nam0-22002891i-450- 001 990000006270403321 035 $a000000627 035 $aFED01000000627 035 $a(Aleph)000000627FED01 035 $a000000627 100 $a20011111d--------km-y0itay50------ba 101 0 $aita 105 $ay-------001yy 200 1 $a<>quantum physicist$fWilliam H. Cropper. 210 $aNew York-Oxford$cUniversity press$d1970 215 $aIX, 257 p.$cill.$d23 cm 610 0 $aFisica tecnica 676 $a621 700 1$aCropper,$bWilliam H.$0547 801 0$aIT$bUNINA$gRICA$2UNIMARC 901 $aBK 912 $a990000006270403321 952 $a13 B 42 04$b30405$fFINBC 959 $aFINBC 996 $aQuantum physicist$9107800 997 $aUNINA DB $aING01